000 00656nam a2200241Ia 4500
003 OSt
005 20220923211858.0
006 a|||||r|||| 00| 0
007 ta
008 220922b |||||||| |||| 00| 0 pan d
020 _c15
024 _a65,157
037 _cTextual
040 _aARTS
_cARTS
_bpan
041 _2pan
_apan
082 _aQ8441xI69, 153K8
100 _aਬੇਦੀ, ਕਾਲਾ ਸਿੰਘ
245 0 _aਵਾਰਕਾਰ ਗੁਰੂ ਨਾਨਕ
260 _c1968
650 _aਧਰਮ
942 _hQ8441xI69, 153K8
_cTEXL
_2CC
999 _c304327
_d304327